Statistics for Winnipeg Jets Captains

Click here to take the quiz!

General Stats

  • This quiz has been taken 6 times
  • The average score is 2 of 9

Answer Stats

Years Answer % Correct
2017-CurrentBlake Wheeler
100%
2010Ilya Kovalchuk
60%
2011-16Andrew Ladd
60%
2008Bobby HolĂ­k
0%
2006-07Scott Mellanby
0%
2001Steve Staios
0%
2002Ray Ferraro
0%
2003-04Shawn McEachern
0%
2000Kelly Buchberger
0%

Score Distribution

Percentile by Number Answered

Percent of People with Each Score

Your Score History

You have not taken this quiz